Countries that Begin with A - Statistics

General Stats
  • This quiz has been taken 69 times
  • The average score is 9 of 11
Answer Stats
Answer % Correct
Australia
93%
Austria
92%
Angola
85%
Argentina
85%
Algeria
84%
Albania
82%
Armenia
82%
Azerbaijan
82%
Andorra
79%
Afghanistan
77%
Antigua and Barbuda
72%
No matching quizzes found
Score Distribution
Percent of People with Each Score
Percentile by Number Answered
Your Score History
You have not taken this quiz